The oxford companion to economics in India (Record no. 9937)

MARC details
000 -LEADER
fixed length control field 00338nam a22001217a 4500
008 - FIXED-LENGTH DATA ELEMENTS--GENERAL INFORMATION
fixed length control field 240801b |||||||| |||| 00| 0 eng d
020 ## - INTERNATIONAL STANDARD BOOK NUMBER
International Standard Book Number 9780198078555
100 ## - MAIN ENTRY--PERSONAL NAME
Personal name Basu, Kaushik
245 ## - TITLE STATEMENT
Title The oxford companion to economics in India
260 ## - PUBLICATION, DISTRIBUTION, ETC.
Place of publication, distribution, etc. New Delhi
Name of publisher, distributor, etc. Oxford University Press
Date of publication, distribution, etc. 2012
300 ## - PHYSICAL DESCRIPTION
Extent xv, 750p.
Dimensions 21.5cm.
942 ## - Added entry Elements (Koha)
Source of classification or shelving scheme Dewey Decimal Classification
Holdings
Withdrawn status Lost status Source of classification or shelving scheme Damaged status Not for loan Collection code Home library Current library Shelving location Date acquired Cost, normal purchase price Serial Enumeration / chronology Full call number Barcode Date last seen Price effective from Koha item type
    Dewey Decimal Classification     Main TEST RTC Library RTC Library Main opac 01/08/2024 3915.00 18346 330.954 BAS Vol. I 30019672 01/08/2024 01/08/2024 Main
    Dewey Decimal Classification     Main TEST RTC Library RTC Library Main opac 01/08/2024 3915.00 18347 330.954 BAS Vol. II 30019499 01/08/2024 01/08/2024 Main
Royal Thimphu College || All Right Reserved